| Tag |
First Indicator |
Second Indicator |
Subfields |
| LEADER |
00000cam a2200000 a 4500 |
| 001 |
in00000008538 |
| 005 |
20151003070016.0 |
| 008 |
861113s1981 idu b s00010beng |
| 010 |
|
|
|a 81067302
|
| 020 |
|
|
|a 0884300722 (pbk.)
|
| 035 |
|
|
|a (OCoLC)07628120
|
| 035 |
|
|
|9 AAA0932AM
|
| 040 |
|
|
|a DLC
|c DLC
|d TXA
|d UtOrBLW
|
| 050 |
0 |
0 |
|a QE22.K5
|b W47 1981
|
| 100 |
1 |
|
|a Wild, Peter,
|d 1940-
|
| 245 |
1 |
0 |
|a Clarence King /
|c by Peter Wild.
|
| 264 |
|
1 |
|a Boise, Idaho :
|b Boise State University,
|c [1981]
|
| 264 |
|
4 |
|c ©1981
|
| 300 |
|
|
|a 46 pages ;
|c 21 cm.
|
| 336 |
|
|
|a text
|b txt
|2 rdacontent
|
| 337 |
|
|
|a unmediated
|b n
|2 rdamedia
|
| 338 |
|
|
|a volume
|b nc
|2 rdacarrier
|
| 490 |
1 |
|
|a Boise State University Western writers series ;
|v no. 48
|
| 504 |
|
|
|a Bibliography: pages 44-46.
|
| 600 |
1 |
0 |
|a King, Clarence,
|d 1842-1901.
|
| 650 |
|
0 |
|a Geologists
|z United States
|v Biography.
|
| 830 |
|
0 |
|a Boise State University western writers series ;
|v no. 48.
|
| 999 |
|
|
|a MARS
|
| 999 |
f |
f |
|s b1edc5d6-2a03-302f-b9ac-71af54ad7d4a
|i 66453423-fb36-3956-9106-c1e50e9b330a
|t 0
|
| 952 |
f |
f |
|p ric
|a Texas A&M University
|b Rellis Campus
|c Joint Library Facility
|d Remote Storage
|t 0
|e QE22.K5 W47 1981
|h Library of Congress classification
|i unmediated -- volume
|m A14812616131
|
| 998 |
f |
f |
|a QE22.K5 W47 1981
|t 0
|l Remote Storage
|